000 00455nam a2200181Ia 4500
001 9698
005 20260306161737.0
008 260306t2015||||xx |||||||||||||| ||spa||
041 _aESP
082 _a398.20985
_bP34M
100 _aPease García Yrigoyen, Franklin
_eAUT
245 0 _aEl mar peruano:
_b: mitos andinos y europeos
260 _c2015
300 _a199 páginas :
_c24 cm.
650 _aGEN
654 _aCHU
942 _cLIB
_dJUS
_fJUS
_2ddc
_n
999 _c9698
_d9698